Outlines of European countries (Very Hard +) - Statistics

General Stats
  • This quiz has been taken 219 times
    149 since last reset
  • The average score is 31 of 94
Answer Stats
Picture Answer % Correct
Italy
77%
Croatia
71%
France
71%
Greece
71%
United Kingdom
71%
Cyprus
70%
Russia
69%
Norway
68%
Austria
66%
Germany
65%
Iceland
64%
Sweden
64%
Ireland
63%
Turkey
63%
Spain
61%
Ukraine
59%
Denmark
58%
Monaco
58%
Netherlands
57%
Switzerland
57%
Portugal
56%
England
54%
Finland
54%
Albania
53%
Vatican City
53%
Malta
52%
Poland
52%
Scotland
50%
Hungary
48%
Slovakia
47%
Belarus
46%
Kosovo
46%
Latvia
46%
Romania
46%
Serbia
46%
Czech Republic
45%
Moldova
44%
North Macedonia
44%
Bulgaria
43%
Bosnia and Herzegovina
42%
Liechtenstein
40%
Lithuania
40%
Belgium
39%
Slovenia
39%
Estonia
38%
Luxembourg
38%
Montenegro
38%
Kazakhstan
36%
Azerbaijan
35%
Georgia
34%
Sicily
32%
Armenia
30%
Wales
30%
Svalbard
29%
Faroe Islands
26%
Sardinia
26%
Gibraltar
24%
Andorra
23%
Northern Cyprus
21%
San Marino
21%
Northern Ireland
15%
Transnistria
15%
Bavaria
14%
Catalonia
14%
Åland
11%
Abkhazia
7%
Bailiwick of Jersey
6%
Bailiwick of Guernsey
4%
Basque Country
4%
Dagestan
4%
Gagauzia
4%
Isle of Man
4%
South Ossetia
4%
Vojvodina
4%
Adygea
3%
Bashkortostan
3%
Ingushetia
3%
Karelia
3%
Komi
3%
Mordovia
3%
Trentino-Alto Adige/Südtirol
3%
Udmurtia
3%
Chechnya
2%
Chuvashia
2%
Friuli Venezia Giulia
2%
Kalmykia
2%
Karachay-Cherkessia
2%
Mari El
2%
North Ossetia–Alania
2%
Occitania
2%
Kabardino-Balkaria
1%
Tatarstan
1%
Adjara
0%
Aosta Valley
0%
No matching quizzes found
Score Distribution
Percent of People with Each Score
Percentile by Number Answered
Your Score History
You have not taken this quiz since the last reset